| 000 | 00746cam a2200193 4500 | ||
|---|---|---|---|
| 001 | ABS61250 | ||
| 008 | 000000n1999 000 0 eng u | ||
| 035 | _a(Sirsi) u101866 | ||
| 100 | _aMoody, M. | ||
| 245 | 2 | _aA management guide to security in the workplace. | |
| 260 | _c1999 | ||
| 490 |
_aFacilities Management Guide _v(24) August 1999 (16)(LOAN) |
||
| 520 | _aA guide to workplace security, looking at planning a security system, closed circuit television (CCTV), access control, intruder alarms, asset protection, manned guarding, information protection, and security management. | ||
| 650 | _aSECURITY | ||
| 650 | _aRISK ASSESSMENT | ||
| 650 | _aFACILITES MANAGEMENT | ||
| 690 | _aOFFICE SERVICES AND ADMINISTRATION | ||
| 942 | _n0 | ||
| 999 |
_c60971 _d60971 |
||